Personal Information and Summarization Assistant [Project BIT1] (Record no. 8901)
[ view plain ]
| 000 -LEADER | |
|---|---|
| fixed length control field | 00635 a2200181 4500 |
| 003 - CONTROL NUMBER IDENTIFIER | |
| control field | NUST |
| 038 ## - RECORD CONTENT LICENSOR | |
| Staff Name | azhar |
| 040 ## - CATALOGING SOURCE | |
| Original cataloging agency | DLC |
| 082 ## - DEWEY DECIMAL CLASSIFICATION NUMBER | |
| Classification number | 378.242 |
| 100 ## - MAIN ENTRY--PERSONAL NAME | |
| Personal name | M. Nasir Rasul |
| 9 (RLIN) | 92187 |
| 245 ## - TITLE STATEMENT | |
| Title | Personal Information and Summarization Assistant [Project BIT1] |
| Statement of responsibility, etc. | M. Nasir Rasul |
| 260 ## - PUBLICATION, DISTRIBUTION, ETC. | |
| Place of publication, distribution, etc. | Isalamabad, |
| Name of publisher, distributor, etc. | NUST Institute of Information Technology, |
| Date of publication, distribution, etc. | 2004. |
| 300 ## - PHYSICAL DESCRIPTION | |
| Extent | vii, 78 p. : |
| Other physical details | il. ; |
| Dimensions | 27 cm. |
| Accompanying material | CD-ROM |
| 500 ## - GENERAL NOTE | |
| General note | Supervisor : Dr. Hafiz Farooq Ahmad. |
| 650 ## - SUBJECT ADDED ENTRY--TOPICAL TERM | |
| Topical term or geographic name entry element | 1.Artificial Intelligence. 2.Summarization assistant |
| 9 (RLIN) | 92188 |
| 856 ## - ELECTRONIC LOCATION AND ACCESS | |
| Uniform Resource Identifier | <a href="http://10.250.8.41:8080/xmlui/handle/123456789/11498">http://10.250.8.41:8080/xmlui/handle/123456789/11498</a> |
| 942 ## - ADDED ENTRY ELEMENTS (KOHA) | |
| Koha item type | Project Report |
| Call number prefix | 378.242 NAS |
| Source of classification or shelving scheme | |
| Withdrawn status | Lost status | Source of classification or shelving scheme | Damaged status | Not for loan | Permanent Location | Current Location | Shelving location | Date acquired | Full call number | Barcode | Date last seen | Price effective from | Koha item type |
|---|---|---|---|---|---|---|---|---|---|---|---|---|---|
| WITHDRAWN | Central Library (CL) | Central Library (CL) | General Stacks | 06/03/2014 | 378.242 NAS | SEECSP00049 | 11/14/2012 | 01/05/2017 | Project Report | ||||
| WITHDRAWN | Central Library (CL) | Central Library (CL) | Thesis | 10/05/2020 | 004 | CL-BP-454 | 10/05/2020 | 10/05/2020 | Project Report |
